Ethics / (Record no. 364533)
[ view plain ]
| 000 -LEADER | |
|---|---|
| fixed length control field | 00419nam a2200133Ia 4500 |
| 008 - FIXED-LENGTH DATA ELEMENTS--GENERAL INFORMATION | |
| fixed length control field | 200928s9999 xx 000 0 und d |
| 020 ## - INTERNATIONAL STANDARD BOOK NUMBER | |
| International Standard Book Number | 978-621-427-015-6 |
| 100 ## - MAIN ENTRY--PERSONAL NAME | |
| Personal name | Ariola, Mariano M. |
| 245 ## - TITLE STATEMENT | |
| Statement of responsibility, etc | Mariano M. Ariola.-- |
| Title | Ethics / |
| 260 ## - PUBLICATION, DISTRIBUTION, ETC. (IMPRINT) | |
| Place of publication, distribution, etc | Manila : |
| Name of publisher, distributor, etc | Unlimited Books Library Services & Publishing Inc. |
| Date of publication, distribution, etc | 2018 |
| 300 ## - PHYSICAL DESCRIPTION | |
| Extent | viii , 150 pages : |
| Other physical details | illustrations ; |
| Dimensions | 23 cm. |
| 650 ## - SUBJECT ADDED ENTRY--TOPICAL TERM | |
| Topical term or geographic name as entry element | Ethics |
| 650 ## - SUBJECT ADDED ENTRY--TOPICAL TERM | |
| Topical term or geographic name as entry element | Philosophy |
| Withdrawn status | Lost status | Damaged status | Home library | Current library | Shelving location | Date acquired | Source of acquisition | Total Checkouts | Full call number | Barcode | Date last seen | Price effective from | Koha item type |
|---|---|---|---|---|---|---|---|---|---|---|---|---|---|
| College Library | College Library | Filipiniana Section | 09/28/2020 | Library Fund | B 3973 .Ar712 2018 | C22642 | 09/28/2020 | 09/28/2020 | Books |